000 00410nam a22001697a 4500
005 20250620121020.0
008 250507b |||||||| |||| 00| 0 eng d
020 _a9789389000221
040 _cSDCL
041 _aeng
084 _aO-,3N78 Q9 LR
100 _aMiller, Madeline
_9755410
245 _aSong of Achilles
260 _aNew Delhi :
_bBloomsbury,
_c2019.
300 _a352p
942 _2CC
_cGB
999 _c1320329
_d1320329